Quản trị dự án : Những nguyên tắc căn bản = Fundamentals of project management

Cuốn sách giúp thế hệ các nhà quản trị dự án bao quát và đi sâu vào chi tiết mọi khía cạnh của khái niệm phức tạp này. Với cách tiếp cận từng bước đơn giản, cuốn sách giới thiệu về các công cụ, kỹ thuật và khái niệm về quản lý dự...

Descripció completa

Guardat en:
Dades bibliogràfiques
Autor principal: Heagney, Joseph
Format: Llibre
Idioma:Undetermined
Publicat: Hà Nội Lao động - Xã hội 2014
Matèries:
Etiquetes: Afegir etiqueta
Sense etiquetes, Sigues el primer a etiquetar aquest registre!
Thư viện lưu trữ: Trung tâm Học liệu Trường Đại học Cần Thơ
LEADER 01112nam a2200217Ia 4500
001 CTU_210828
008 210402s9999 xx 000 0 und d
020 |c 99000 
082 |a 658.404 
082 |b H432 
100 |a Heagney, Joseph 
245 0 |a Quản trị dự án : 
245 0 |b Những nguyên tắc căn bản = Fundamentals of project management 
245 0 |c Joseph Heagney ; Minh Tú (dịch) ; Nguễn Văn Kỳ (hiệu đính) 
260 |a Hà Nội 
260 |b Lao động - Xã hội 
260 |c 2014 
520 |a Cuốn sách giúp thế hệ các nhà quản trị dự án bao quát và đi sâu vào chi tiết mọi khía cạnh của khái niệm phức tạp này. Với cách tiếp cận từng bước đơn giản, cuốn sách giới thiệu về các công cụ, kỹ thuật và khái niệm về quản lý dự án. 
650 |a Project management,Quản trị dự án 
904 |i Võ Thị Việt Trinh,Hải 
980 |a Trung tâm Học liệu Trường Đại học Cần Thơ